000 00203 a2200097 4500
001 1902
100 _aCarroll, P.
245 _aTimestudy cost control
260 _a
_bMc Grawhill
_c
090 _c1401
_d1401
942 _aNUST-CAE
_cM
_c4459
999 _c236975
_d236975